| 000 | 00732nam a2200193 i 4500 | ||
|---|---|---|---|
| 001 | 49067 | ||
| 003 | ES-MaACL | ||
| 005 | 20230906161858.0 | ||
| 007 | t| | ||
| 008 | 030707s1851 sp ||||1| spa d | ||
| 100 | 1 |
_aCorral y Oña, Tomás de. _940734 |
|
| 245 | 1 | 0 |
_aDe la semeiología humoral _b: discurso de inauguración leído a la Academia de Medicina y Cirugía de Castilla la Nueva el día 26 de enero de 1851 / _cpor Tomás de Corral y Oña. |
| 260 |
_aMadrid : _b[s.n.], _c1851 ( _fImprenta de Mariano Delgrás) |
||
| 300 |
_a44 p. ; _c21 cm. |
||
| 710 | 0 |
_aAcademia de Medicina y Cirugía de Castilla la Nueva. _91188 |
|
| 852 |
_aES-MaACL _jT-422-F-9 |
||
| 852 |
_aES-MaACL _jT-418-F-11 |
||
| 852 |
_aES-MaACL _jT-621-F-16 |
||
| 999 |
_c49067 _d49067 |
||